| 000 | 00000nam 2200000za 4500 |
| 001 | 9.565284 |
| 003 | CaOODSP |
| 005 | 20240527135426 |
| 007 | cr ||||||||||| |
| 008 | 150406s2008 xxc #o f000 0 eng d |
| 020 | |a978-1-100-11500-9|z978-1-100-11499-6 |
| 040 | |aCaOODSP|beng |
| 041 | |aeng|bfre |
| 043 | |an-cn--- |
| 086 | 1 |aCW69-5/497E-PDF|zCW69-5/497E |
| 100 | 1 |aHanson, Alan. |
| 245 | 10|aWetland ecological functions assessment |h[electronic resource] : |ban overview of approaches / |cAlan Hanson ... [et al.]. |
| 260 | |a[Sackville, N.B.] : |bEnvironment Canada, Atlantic Region, |c2008. |
| 300 | |a59 p. |
| 490 | 1 |aTechnical report series ; |vNumber 497 |
| 500 | |a"October 2008". |
| 500 | |aThe catalogue number (CW69-5/497E) and ISBN (978-1-100-11499-6) for the print edition have been copied in this electronic publication. |
| 500 | |aIssued also in French under title: Aperçu des méthodes d'évaluation des fonctions écologiques des terres humides. |
| 504 | |aIncludes bibliographical references |
| 510 | 0 |aLibrary and Archives Canada cataloguing in publication data printed in this publication. |
| 546 | |aIncludes résumé in French. |
| 590 | |a10-02|b2010-01-15 |
| 692 | 07|2gccst|aWetlands |
| 710 | 2 |aCanadian Wildlife Service. |
| 775 | 08|tAperçu des méthodes d'évaluation des fonctions écologiques des terres humides |w(CaOODSP)9.802589 |
| 830 | #0|aTechnical report series (Canadian Wildlife Service)|vNo. 497|w(CaOODSP)9.504438 |
| 856 | 40|ahttp://publications.gc.ca|qPDF|s432 KB|uhttps://publications.gc.ca/collections/collection_2010/ec/CW69-5-497-eng.pdf|yNo. 497 |